Statistics for New Rules Lyrics - Dua Lipa

Click here to take the quiz!

General Stats

  • This quiz has been taken 194 times
  • The average score is 401 of 500

Answer Stats

Answer% Correct
I
98%
(I
98%
rules,
96%
new
95%
the
95%
You
94%
you
94%
in
93%
in,
93%
One,
92%
one,
92%
One:
92%
one
92%
be
91%
do
91%
do,
91%
got
91%
him,
91%
him
91%
And
90%
and
90%
don't
90%
Don't
90%
Don't,
90%
don't,
90%
he
90%
Two:
90%
let
88%
Three:
88%
up
88%
(alone)
87%
alone
87%
My
87%
my
87%
phone
87%
bed
86%
to
86%
drunk
85%
he's
85%
know
85%
(Out
85%
out,
85%
out
85%
pick
85%
his
84%
morning
84%
only
84%
'cause
82%
You're
82%
you're
82%
callin'
81%
gettin'
81%
have
81%
if
81%
over
81%
wake
81%
friend,
80%
friend
80%
(again)
79%
again
79%
kick
79%
myself
78%
myself,
78%
count
77%
gonna
77%
ain't
76%
me
76%
me,
76%
no
76%
no)
76%
You'll
76%
sleep
75%
sleep,
75%
it,
73%
it
73%
mind)
73%
mind,
73%
of
73%
Talkin'
73%
them
73%
under
73%
'em
72%
'em)
72%
gettin'
72%
crazy
71%
love
70%
love,
70%
at
69%
night,
69%
makin'
68%
so
67%
tell
65%
But
60%
but
60%
doesn't
59%
else,
59%
else
59%
like
59%
nobody
59%
makes
58%
feel
56%
(Too
56%
too
56%
gotta
55%
I'm
54%
many
54%
times,
54%
times)
54%
would
53%
save
52%
hopin'
51%
keep
49%
never
49%
down
48%
learn
48%
learn)
48%
learn,
48%
back
47%
read
46%
pullin'
45%
see
45%
Wrote
45%
backwards
44%
keeps
44%
Now
44%
forward,
42%
perfect
42%
pushin'
42%
Practice
41%
finally
40%
still
40%
pattern
38%
(yeah)
38%
repeat
37%
Eat,
35%
from
33%
(Nowhere
32%
Rehearse
32%
turn,
32%
tryna
31%
breathe
30%
by
30%
heart
30%
standin'
28%
way)
24%
(Baby,
19%

Score Distribution

Percentile by Number Answered

Percent of People with Each Score

Your Score History

You have not taken this quiz